Detalles MARC
| 000 -LEADER |
| fixed length control field |
01468cam a2200337 i 4500 |
| 001 - CONTROL NUMBER |
| control field |
40005 |
| 003 - CONTROL NUMBER IDENTIFIER |
| control field |
Mx-PuUPA |
| 005 - DATE AND TIME OF LATEST TRANSACTION |
| control field |
20240730145413.0 |
| 008 - FIXED-LENGTH DATA ELEMENTS--GENERAL INFORMATION |
| fixed length control field |
140415s1996 mx a gr 000 0 spa d |
| 020 ## - INTERNATIONAL STANDARD BOOK NUMBER |
| International Standard Book Number |
9688873144 |
| 040 ## - CATALOGING SOURCE |
| Transcribing agency |
Mx-PuUPA |
| Original cataloging agency |
Mx-PuUPA |
| Language of cataloging |
spa |
| Modifying agency |
Mx-PuUPA |
| Description conventions |
rda |
| 041 1# - LANGUAGE CODE |
| Language code of text/sound track or separate title |
spa |
| Language code of original |
eng |
| 100 1# - MAIN ENTRY--PERSONAL NAME |
| Personal name |
Lawrence, M. J. |
| Fuller form of name |
(Michael James) |
| Dates associated with a name |
1943- |
| Authority record control number or standard number |
Lawrence, Mike |
| 9 (RLIN) |
15926 |
| Relator term |
autor |
| 240 10 - UNIFORM TITLE |
| Uniform title |
Step-by-step outdoor stonework. |
| Language of a work |
Español |
| 245 10 - TITLE STATEMENT |
| Title |
Paso a paso mampostería de exteriores : |
| Remainder of title |
más de veinte proyectos de fácil construcción para su patio y el jardín / |
| Statement of responsibility, etc. |
Mike Lawrence |
| 264 #1 - PRODUCTION, PUBLICATION, DISTRIBUTION, MANUFACTURE, AND COPYRIGHT NOTICE |
| Place of production, publication, distribution, manufacture |
México : |
| Name of producer, publisher, distributor, manufacturer |
Editorial Gustavo Gili, |
| Date of production, publication, distribution, manufacture, or copyright notice |
©1996 |
| 300 ## - PHYSICAL DESCRIPTION |
| Extent |
96 páginas : |
| Other physical details |
ilustraciones, fotografías ; |
| Dimensions |
28 cm |
| 336 ## - CONTENT TYPE |
| Fuente |
rdacontent |
| Content type term |
texto |
| Content type code |
txt |
| 336 ## - CONTENT TYPE |
| Fuente |
rdacontent |
| Content type term |
imagen fija |
| Content type code |
sti |
| 337 ## - MEDIA TYPE |
| Source |
rdamedia |
| Media type term |
sin medio |
| Media type code |
n |
| 338 ## - CARRIER TYPE |
| Source |
rdacarrier |
| Carrier type term |
volumen |
| Carrier type code |
nc |
| 650 #7 - SUBJECT ADDED ENTRY--TOPICAL TERM |
| Source of heading or term |
armarc |
| Topical term or geographic name entry element |
Decoración y ornamentación arquitectónicas |
| General subdivision |
|
| 650 #7 - SUBJECT ADDED ENTRY--TOPICAL TERM |
| Source of heading or term |
armarc |
| Topical term or geographic name entry element |
Piedras de construcción |
| 650 #7 - SUBJECT ADDED ENTRY--TOPICAL TERM |
| Source of heading or term |
armarc |
| Topical term or geographic name entry element |
Estructuras de jardín |
| General subdivision |
Diseño y construcción |
| Form subdivision |
Manuales |
| 650 #7 - SUBJECT ADDED ENTRY--TOPICAL TERM |
| Source of heading or term |
armarc |
| Topical term or geographic name entry element |
Piedra |
| General subdivision |
Construcción |
| Form subdivision |
Manuales |
| 765 0# - ORIGINAL LANGUAGE ENTRY |
| Main entry heading |
Lawrence, M. J. (Michael James) 1943- Lawrence, Mike |
| Place, publisher, and date of publication |
Reino Unido : New Holland, ©1994 |
| Title |
Step-by-step outdoor stonework. |
| 942 ## - ADDED ENTRY ELEMENTS (KOHA) |
| Source of classification or shelving scheme |
Dewey Decimal Classification |
| Koha item type |
Libro |
| Classification part |
693.1 |
| Item part |
L415 |